| 000 | 00872nam a22002417a 4500 | ||
|---|---|---|---|
| 999 |
_c63020 _d63020 |
||
| 005 | 20240530110619.0 | ||
| 008 | 161016s2014 ua c g 000 0 ara | ||
| 017 | 0 |
_a2014/17815 _bمصر. دار الكتب |
|
| 020 | _a978977910036 | ||
| 040 |
_aEG-CaGPL _cEG-CaGPL |
||
| 082 | 0 | 4 |
_221 _a962.43\ _bع ب |
| 100 | 0 | _aعمر طوسون | |
| 245 | 1 | 0 |
_aبطولة الاورطة السودانية المصرية في حرب المكسيك / _cعمر طوسون . |
| 250 | _aط.1 | ||
| 260 |
_c2014 . _aالقاهرة : _bالهيئة المصرية العامة للكتاب ، |
||
| 300 |
_a137 ص. : _bايض. ؛ _c24 سم. |
||
| 490 | 0 | _aالجيش المصرى | |
| 650 | _2qrmak | ||
| 651 | 0 | 7 |
_aمصر _xالجيش . _2qrmak |
| 651 | 0 | 7 |
_aمصر _xتاريخ _yالعصر الحديث _xالجيش _2qrmak |
| 942 |
_2ddc _cBK |
||